ʻUmar ibn ʻAbd al-ʻAzīz (Record no. 49742)

MARC details
000 -LEADER
fixed length control field 00754cam a22002651 4500
001 - CONTROL NUMBER
control field ne 67001439
003 - CONTROL NUMBER IDENTIFIER
control field DLC
005 - DATE AND TIME OF LATEST TRANSACTION
control field 20260227111834.0
008 - FIXED-LENGTH DATA ELEMENTS--GENERAL INFORMATION
fixed length control field 900418s1966 ua b 000 0bara
010 ## - LIBRARY OF CONGRESS CONTROL NUMBER
LC control number ne 67001439
025 ## - OVERSEAS ACQUISITION NUMBER
Overseas acquisition number PL480:UAR-8340
035 ## - SYSTEM CONTROL NUMBER
System control number (OCoLC)21390004
040 ## - CATALOGING SOURCE
Original cataloging agency DLC
Transcribing agency WaU
Modifying agency WaU
-- DLC
042 ## - AUTHENTICATION CODE
Authentication code premarc
050 00 - LIBRARY OF CONGRESS CALL NUMBER
Classification number DS97.2.U4
Item number S2
100 1# - MAIN ENTRY--PERSONAL NAME
Personal name Ṣafwat, Aḥmad Zakī.
245 10 - TITLE STATEMENT
Title ʻUmar ibn ʻAbd al-ʻAzīz
Statement of responsibility, etc. [taʼlīf] Aḥmad Zakī Ṣafwat.
250 ## - EDITION STATEMENT
Edition statement [al-Ṭabʻah 3]
260 ## - PUBLICATION, DISTRIBUTION, ETC.
Place of publication, distribution, etc. Miṣr,
Name of publisher, distributor, etc. Dār al-Maʻārif
Date of publication, distribution, etc. [1966]
300 ## - PHYSICAL DESCRIPTION
Extent 119 p.
Dimensions 17 cm.
490 0# - SERIES STATEMENT
Series statement Iqraʼ ;
Volume/sequential designation 65
504 ## - BIBLIOGRAPHY, ETC. NOTE
Bibliography, etc. note Bibliography: p. 118-119.
600 00 - SUBJECT ADDED ENTRY--PERSONAL NAME
Personal name ʻUmar
Numeration II,
Titles and other words associated with a name Caliph,
Dates associated with a name -720.
830 #0 - SERIES ADDED ENTRY--UNIFORM TITLE
Uniform title Iqraʼ (Cairo, Egypt) ;
Volume/sequential designation 65

No items available.

Powered by Koha